Statistics for Formula One Belgian Grand Prix

Click here to take the quiz!

General Stats

  • This quiz has been taken 58 times
  • The average score is 11 of 17

Answer Stats

QuestionAnswer% Correct
This team has won in Belgium a record 18 times;Ferrari
94%
This driver has won the Belgian GP a record 6 times;Michael Schumacher
94%
The Belgian GP has been held 64 times between these 3 circuits;Spa-Francorchamps
92%
The first Belgian GP was won by this driver in 1950;Juan Manuel Fangio
91%
This driver took their maiden win at the Belgian GP in 2019, one day after the death of a close friend;Charles Leclerc
87%
Belgium is the longest race on the F1 calendar, but how many laps are raced per event?44
83%
Who took all four of their Belgian GP wins in succession from 1962 to 1965?Jim Clark
72%
Despite only winning one drivers title, this driver won 4 Grands Prix in Belgium from 2004 to 2009;Kimi Raikkonen
72%
A classic, rain-soaked 1998 race led to this team taking their only 1-2 finish ever;Jordan
62%
Who's incident at the 2012 Belgian GP led to a one race ban at the next event in Monza?Romain Grosjean
60%
This driver suffered a fatal crash in the final qualifying session of the 1982 Belgian GP;Gilles Villeneuve
57%
Zolder
55%
In what year were significant changes made to the final chicane for the final time?2007
49%
What is the name of the first corner on the current Belgian GP circuit?La Source
38%
Nivelles
32%
Which Scottish whiskey company has been the official title sponsor of the previous two Belgian Grands Prix?Johnnie Walker
21%
This driver won the last Belgian GP not held at its current venue, in 1984;Michele Alboreto
19%

Score Distribution

Percentile by Number Answered

Percent of People with Each Score

Your Score History

You have not taken this quiz